000 00414nam a2200205Ia 4500
001 003820
003 YMCAF
005 20230512160235.0
008 100717s1971 ||||||||||||||||| ||und|d
024 _a3820
035 _a3825
040 _aYMCAF
_beng
_cIN-KoLT
041 _aeng
082 _aMEC-OXL
100 _aOxley
245 0 _aMechanical engg.
260 _c1971
300 _a294
942 _2ddc
_cBK
999 _c3022
_d3022